| 000 | 00000nam##2200000za#4500 |
| 001 | 9.643865 |
| 003 | CaOODSP |
| 005 | 20250403105405 |
| 007 | cr ||||||||||| |
| 008 | 150407|2014||||xxc|||||o f|0| 0 fre|d |
| 020 | |a978-0-660-22701-6 |
| 040 | |aCaOODSP|bfre |
| 043 | |an-cn--- |
| 086 | 1 |aCS95-635/2014F-PDF |
| 245 | 00|aRecensement de l'agriculture : |h[ressource électronique]|bconsultations sur le contenu |
| 246 | 3 |aRecensement 2016 |
| 260 | |aOttawa - Ontario : |bStatistique Canada |cSeptembre 2014. |
| 300 | |a51p.|btableaux |
| 500 | |a"Correction : le 3 octobre 2014" |
| 590 | |a15-04|b2015-01-23 |
| 710 | 2 |aStatistique Canada. |
| 775 | 08|tCensus of agriculture : |w(CaOODSP)9.699924 |
| 856 | 40|ahttp://publications.gc.ca|qPDF|s534 Ko|uhttps://publications.gc.ca/collections/collection_2015/statcan/95-635-x2014001-fra.pdf |